Hiragana Click Quiz - Statistics

General Stats
  • This quiz has been taken 211 times
  • The average score is 13 of 15
Answer Stats
Hint Answer % Correct
ka
96%
a
96%
u
94%
n
94%
ku
92%
sa
89%
shi
89%
to
88%
yu
86%
mu
85%
he
85%
chi
83%
ra
83%
ni
82%
ri
82%
No matching quizzes found
Score Distribution
Percent of People with Each Score
Percentile by Number Answered
Your Score History
You have not taken this quiz